| 000 | 01290nam a22002417a 4500 | ||
|---|---|---|---|
| 999 |
_c21121 _d21121 |
||
| 003 | AR-CdUCM | ||
| 008 | 190318b ||||| |||| 00| 0 spa d | ||
| 020 | _a84-02-06775-1 | ||
| 040 |
_aMUNICIPALIDAD PROVINCIAL DEL CUSCO _cBIBLIOTECA MUNICIPAL DEL CUSCO |
||
| 082 |
_a940.53 / _bZ67 |
||
| 100 |
_aZentner, Kurt _918321 |
||
| 245 |
_aGrandes Guerras de nuestro tiempo / _bBruguera |
||
| 260 |
_aBarcelona : _bBruguera, _c1980. |
||
| 300 |
_a15 volúmenes _c27 cm. |
||
| 440 |
_aGrandes guerras de nuestro tiempo _918322 |
||
| 505 | _aContenido : v.1 : El tercer Reich I -- v.2 : El tercer Reich II -- v.3 : El tercer Reich III -- v.4 : La segunda Guerra mundial I-- v.5 : La segunda Guerra mundial II -- v.6 -- La segunda Guerra mundial III -- V.7 : La Resistencia I -- V.8 : La Resistencia II -- V.9 : La Resistencia III -- v.10 : Espías, Agentes y Soldados I -- v.11 : Espías, Agentes y Soldados II -- V.12 : Espías, Agentes y Soldados III -- V.13 : Las Guerras de la Postguerra I -- v.14 : Las Guerras de la Postguerra II -- v.15 : Las Guerras de la Postguerra III... | ||
| 650 |
_aGuerra Mundial, 1939-1945 _918335 |
||
| 650 |
_aMovimientos nasi _918379 |
||
| 650 |
_aSegunda guerra mundial _944031 |
||
| 650 |
_aPostguerra _937054 |
||
| 942 |
_2ddc _cLIBROS |
||
| 945 | _arum | ||